Isle of dogs
American stop-motion animation directed by Wes Anderson in which future Japan sees itself overrun by packs of dogs which are beginning to spread disease to humans. A mayor's solution is to exile every dog to an island filled with toxic waste and rubbish, where they will live out their days away...
Tallennettuna:
| Päätekijä: | |
|---|---|
| Aineistotyyppi: | Kirja |
| Kieli: | Undetermined |
| Julkaistu: |
Beverly Hills, California
Twentieth Century Fox Home Entertainment
2018
|
| Aiheet: | |
| Tagit: |
Lisää tagi
Ei tageja, Lisää ensimmäinen tagi!
|
| Thư viện lưu trữ: | Trung tâm Học liệu Trường Đại học Cần Thơ |
|---|
| LEADER | 01347nam a2200217Ia 4500 | ||
|---|---|---|---|
| 001 | CTU_231150 | ||
| 008 | 210402s9999 xx 000 0 und d | ||
| 020 | |c 559500 | ||
| 082 | |a 791.4372 | ||
| 082 | |b A545 | ||
| 100 | |a Anderson, Wes | ||
| 245 | 0 | |a Isle of dogs | |
| 245 | 0 | |c Wes Anderson | |
| 260 | |a Beverly Hills, California | ||
| 260 | |b Twentieth Century Fox Home Entertainment | ||
| 260 | |c 2018 | ||
| 520 | |a American stop-motion animation directed by Wes Anderson in which future Japan sees itself overrun by packs of dogs which are beginning to spread disease to humans. A mayor's solution is to exile every dog to an island filled with toxic waste and rubbish, where they will live out their days away from civilisation. When a young boy is devastated to find his dog is missing, he flies a plane to the island where he enlists the help of its inhabitants to track him down. As the dogs become frustrated with their new home, they formulate a plan to get off the island and back to the mainland. The cast includes the voice talents of Bryan Cranston, Edward Norton, Bill Murray, Jeff Goldblum and Scarlett Johansson. | ||
| 650 | |a Mối quan hệ giữa người và động vật,Human-animal relationships | ||
| 650 | |x Kịch,Drama | ||
| 910 | |b nthai | ||
| 980 | |a Trung tâm Học liệu Trường Đại học Cần Thơ | ||